| 000 | 05703nam a22002297a 4500 | ||
|---|---|---|---|
| 005 | 20250408085821.0 | ||
| 008 | 241114b ||||| |||| 00| 0 eng d | ||
| 040 | _cAL | ||
| 041 | _akan | ||
| 082 |
_223 _a398.2K _bBILH |
||
| 100 |
_aPurushottama Bilimale _9207813 |
||
| 100 |
_bಪುರುಷೋತ್ತಮ ಬಿಳಿಮಲೆ _9207814 |
||
| 245 |
_aHudukata: Ayda hanneradu samshodhana prabandhagalu _bಹುಡುಕಾಟ: ಆಯ್ದ ಹನ್ನೆರಡು ಸಂಶೋಧನಾ ಪ್ರಬಂಧಗಳು |
||
| 260 |
_aBengaluru _bChiranth Prakashana _c2024 |
||
| 300 |
_a326p. _bHB _c22x15cm. |
||
| 365 |
_2Kannada _aBLCR-045 _b280.00 _c₹ _d350.00 _e20% _f11-11-2024 |
||
| 520 | _aನಾಲ್ಕು ದಶಕಗಳಿಂದ ಜಾನಪದ ಸಂಶೋಧನೆ ಮತ್ತು ಸಾಹಿತ್ಯ ವಿಮರ್ಶೆ ಕ್ಷೇತ್ರಗಳಲ್ಲಿ ಕೆಲಸ ಮಾಡಿರುವ ಪ್ರೊ. ಬಿಳಿಮಲೆ ಅವರ ಆಯ್ದ ಸಂಶೋಧನ ಲೇಖನಗಳ ಸಂಕಲನವಿದು. ಇವರಂತೆ ಏಕಕಾಲಕ್ಕೆ ಕರಾವಳಿ, ಮಧ್ಯಕರ್ನಾಟಕ ಹಾಗೂ ಉತ್ತರ ಕರ್ನಾಟಕದ ಸಾಹಿತ್ಯ ಮತ್ತು ಜಾನಪದವನ್ನು ಅಧ್ಯಯನ ಮಾಡಿದವರು ಕಡಿಮೆ. ಇಲ್ಲಿನ ಲೇಖನಗಳು ಶ್ರಮದಾಯಕ ಕ್ಷೇತ್ರಕಾರ್ಯ, ವ್ಯಾಪಕ ಅಧ್ಯಯನ ಮತ್ತು ಆಳ ಚಿಂತನೆಯಿಂದ ರೂಪುಗೊಂಡಿವೆ. ಇವುಗಳ ಹಿನ್ನೆಲೆಯಲ್ಲಿ ಜಾನಪದ ಪ್ರಜ್ಞೆ ಸಾಹಿತ್ಯಕ ಸಂವೇದನೆ ಹಾಗೂ ಸಾಮಾಜಿಕ ಚರಿತ್ರೆಯ ಅರಿವು ಕೆಲಸ ಮಾಡಿವೆ. ಕರ್ನಾಟಕ ಸಂಸ್ಕೃತಿಯನ್ನು ಕೇವಲ ಆಳುವ ವರ್ಗದ ರಾಜಕೀಯ ಚರಿತ್ರೆಯ ಮೂಲಕ ವಿರಚಿಸುವ ಅನೇಕ ಪಠ್ಯಗಳಿವೆ. ಆದರೆ ಇಲ್ಲಿನ ಲೇಖನಗಳು ತಳಸ್ತರದ ಸಮುದಾಯಗಳ ಬದುಕಿನ ವಿನ್ಯಾಸಗಳ ಮೂಲಕ ನಾಡಿನ ಸಾಂಸ್ಕೃತಿಕ ಚರಿತ್ರೆಯನ್ನು ಕಟ್ಟಿಕೊಡುತ್ತವೆ. ಈ ಲೋಕಗಳಲ್ಲಿರುವ ಜೀವನತತ್ತ್ವವನ್ನು ಶೋಧಿಸುತ್ತವೆ. ನಾಡನ್ನು ಜನಪದ ಸಾಂಸ್ಕೃತಿಕ ನಾಯಕ-ನಾಯಕಿಯರ ಮೂಲಕ ನೋಡುವ ಹಾದಿಗಳನ್ನು ಹುಡುಕುತ್ತವೆ. ಇಲ್ಲಿ ತಾಳೆಗರಿ, ಶಾಸನ, ಜನಪದ ಕಥನ, ನೃತ್ಯ, ಆಚರಣೆ, ಸಾಹಿತ್ಯ ಕೃತಿ ಮೊದಲಾಗಿ ಬಹುಸ್ತರೀಯ ಆಕರಗಳನ್ನು ದುಡಿಸಿಕೊಳ್ಳಲಾಗಿದೆ. ಇವನ್ನು ರಾಜಕೀಯ ಸಾಮಾಜಿಕ ಭಾಷಿಕ ಸಾಹಿತ್ಯಕ ನೆಲೆಗಳಿಂದ, ಬಹುಶಿಸ್ತೀಯ ವಿಧಾನದಲ್ಲಿ ಚರ್ಚಿಸಲಾಗಿದೆ. ನೋಟಗಳು, ಹೊಸ ತಾತ್ವಿಕ ಚೌಕಟ್ಟುಗಳು ಮೈತಳೆದಿವೆ. ಇಲ್ಲಿ ಹೊಸ ಈ ಕೃತಿ ಹೊಸತಲೆಮಾರಿನ ಸಂಶೋಧಕರಿಗೆ ಪ್ರೇರಣೆ ಕೊಡಬಲ್ಲ ಮಾದರಿಗಳನ್ನು ಒಳಗೊಂಡಿದೆ. ಜತೆಗೆ ಭಿನ್ನಮತೀಯ ಪ್ರಶ್ನೆಗಳನ್ನು ಹುಟ್ಟಿಸುತ್ತ, ಇರುವ ಮಾದರಿಗಳನ್ನು ಮುರಿದು ಹೊಸ ಮಾದರಿಗಳನ್ನು ಕಟ್ಟುವ ಪ್ರಚೋದನೆಯನ್ನೂ ನೀಡಬಲ್ಲದಾಗಿದೆ. ಈ ಕಾರಣದಿಂದ ಸಂಶೋಧನ ವಿಧಾನದ ಕಲಿಕೆಯಲ್ಲಿ ಉಪಯುಕ್ತವಾಗುವ ಪಠ್ಯವೂ ಆಗಿದೆ. - ರಹಮತ್ ತರೀಕೆರೆ | ||
| 521 | _aಪರಿವಿಡಿ ಸಂಶೋಧನೆಯ ಜೊತೆಗೆ ಕೆಲವು ಹೆಜ್ಜೆಗಳು / ೭ ಕೃತಜ್ಞತೆಗಳು / ೧೬ Ω. ಕನ್ನಡ ಸಂಶೋಧನೆ / ೧೯ ១. ಜಾನಪದ ಕ್ಷೇತ್ರಕಾರ್ಯ : ಕೆಲವು ವಿಚಾರಗಳು / ೪೬ 2. ಜಾನಪದದಲ್ಲಿ ಲೋಕದೃಷ್ಟಿ : ಒಂದು ಟಿಪ್ಪಣಿ / ೯೦ ४. ಎ ಕೆ ರಾಮಾನುಜನ್ ಅವರ 'ಫೋಕ್ ಟೇಲ್ಸ್ ಫ್ರಂ ಇಂಡಿಯಾ' / ೧೧೪ ೫. ಇತಿಹಾಸವಿಲ್ಲದವರ ಇತಿಹಾಸ ಮತ್ತು ಕುಮಾರರಾಮ / ೧೩೩ ೬. ಮೈಲಾರಲಿಂಗ ಮತ್ತು ಅವನ ಮೂವರು ಹೆಂಡತಿಯರು / ೧೨ ೭. ಬಹುತ್ವದ ಬಹುತ್ವ ಮತ್ತು ಹುತ್ತಕ್ಕೆ ಹಾಲೆರೆವ ಹಸು / ೨೦೫ ೮. ಜನಪದ ಕತೆಯ ಸಾಂಕೇತಿಕತೆ : ಎರಡು ಮೀನುಗಳ ಕತೆ / ೨೨೮ ೯. ಮಹಿಳಾ ಕೇಂದ್ರಿತ ಜನಪದ ಕತೆಯು ಪುರುಷ ಕೇಂದ್ರಿತ ನಾಟಕವಾದಾಗ / ೨೫೪ ೧೦. ಅಂತ್ಯ ಸಂಸ್ಕಾರ ಅಥವಾ ಬೊಜ್ಜ / ೨೬೯ ೧೧. ಸಿದ್ಧವೇಶ : ಪ್ರತಿಭಟನೆ ಮತ್ತು ನಿರಸನ / ೨೯೨ ೧೨. ಬಹುಮುಖೀ ದೈವ ಹುಲಿಗೆಮ್ಮ / ೩೦೯ | ||
| 650 |
_aFolklore Research Essays: ಜಾನಪದ ಸಂಶೋಧನಾ ಪ್ರಬಂಧಗಳು _9185391 |
||
| 700 |
_aBILIMALE (Purushothama) _9185392 |
||
| 942 |
_2ddc _cBK |
||
| 999 |
_c231921 _d231921 |
||